Bratysława - quiz wielokrotnego wyboru - Statystyki

Ogólne statystyki
  • Ten quiz został rozwiązany 616 razy
    612 od ostatniego zresetowania
  • Średni wynik to 5 z 10
Statystyki odpowiedzi
Zagadnienie Odpowiedź % Poprawnych
Nad jaką rzeką leży Bratysława? Dunaj
89%
Jak się nazywa najbardziej utytułowany klub z Bratysławy? Slovan Bratysława
72%
Na jakie państwo rozpościera się widok z Zamku Devín? Austrię
69%
Z jakimi państwami graniczy Bratysława? Austria i Węgry
62%
Kościół Świętej Elżbiety, jest kojarzony z nietypowego koloru. Jaki to kolor? Niebieski
48%
Pałac Prezydencki w Bratysławie, został wzniesiony przez inwestora Antona Grasalkovicia. Jakiej narodowości był inwestor? Chorwackiej
43%
W jakim stylu zbudowano Stary ratusz w Bratysławie? gotycki
41%
Jak dawniej nazywano Bratysławę w języku polskim? Pożoń
31%
Jak się nazywa jedyna brama w Bratysławie? Brama Michalska
30%
Jak się nazywa pomnik żołnierzy radzieckich? Slavín
24%
Nie znaleziono quizów pasujących do podanych kryteriów
Rozkład punktacji
Procent ludzi z każdym wynikiem
Percentyl według liczby udzielonych odpowiedzi
Twoja historia wyników
Nie rozwiązałeś tego quizu od ostatniego zresetowania